| 000 | 01004cab a22002055a 4500 | ||
|---|---|---|---|
| 001 | L142643 | ||
| 008 | 080226s2008 xxkd f 000 0 eng d | ||
| 035 | _a(Sirsi) u142643 | ||
| 041 | 0 | _aeng | |
| 100 | 1 | _aMcManus, John | |
| 245 | 0 | 4 | _aThe IT trade off |
| 260 | _c2008 | ||
| 490 | 0 |
_aProject _v20(4) February 2008, 24-28(5) |
|
| 520 | _aConsiders why so many IT projects fail across the EU. Reveals only one in eight IT projects are fully successful, with the cost of project failure across the EU at 142bn euros in 2004. Research into IT project failure found that the top three issues were business process alignment, requirements management, and overspends. Also examines at what stage in the project lifecycle IT projects are cancelled or abandoned as failures, the average schedule and budget overrun, and the main casual factors contributing to project failure. | ||
| 590 | _aKA | ||
| 651 | 4 | _aEurope | |
| 690 |
_aProject management _96261 |
||
| 700 | 1 | _aWood-Harper, Trevor | |
| 942 | _n0 | ||
| 999 |
_c79887 _d79887 |
||